| 000 | 01428nam a2200349 a 4500 | ||
|---|---|---|---|
| 001 | ebr10591436 | ||
| 003 | CaPaEBR | ||
| 006 | m u | ||
| 007 | cr cn||||||||| | ||
| 008 | 121212s1973 gw sb 001 0 grc d | ||
| 020 | _z9783598713668 | ||
| 020 | _z9783110957204 (e-book) | ||
| 040 |
_aCaPaEBR _cCaPaEBR |
||
| 035 | _a(OCoLC)823746807 | ||
| 041 | 0 |
_agrc _alat |
|
| 050 | 1 | 4 |
_aBF1680 _b.H47 1973eb |
| 100 | 0 |
_aHephaestio, _cThebanus, _db. 380. |
|
| 245 | 1 | 0 |
_aHephaestionis Thebani Apotelesmaticorum libri tres _h[electronic resource] . _nVol. I / _cedidit David Pingree. |
| 250 | _a1. Aufl. | ||
| 260 |
_aLeipzig : _bB.G. Teubner, _c1973. |
||
| 300 | _axxix, 463 p. | ||
| 440 | 0 | _aBibliotheca scriptorum Graecorum et Romanorum Teubneriana | |
| 490 | 0 |
_aHephaestionis Thebani Apotelesmaticorum libri tres ; _vv. 1 |
|
| 500 | _aText in Greek; introductory matter in Latin. | ||
| 504 | _aIncludes bibliographical references and indexes. | ||
| 533 |
_aElectronic reproduction. _bPalo Alto, Calif. : _cebrary, _d2011. _nAvailable via World Wide Web. _nAccess may be limited to ebrary affiliated libraries. |
||
| 650 | 0 |
_aAstrology _vEarly works to 1800. |
|
| 655 | 7 |
_aElectronic books. _2local |
|
| 700 | 1 |
_aPingree, David Edwin, _d1933-2005. |
|
| 710 | 2 | _aebrary, Inc. | |
| 856 | 4 | 0 |
_uhttp://site.ebrary.com/lib/rucke/Doc?id=10591436 _zAn electronic book accessible through the World Wide Web; click to view |
| 999 |
_c210097 _d210097 |
||